| 000 | 00670nam a2200145Ia 4500 | ||
|---|---|---|---|
| 008 | 250506s9999 xx 000 0 und d | ||
| 024 | _a08B-119-EE, 08B-130-EE, 08B138-EE, 08B-149-EE & 08B-196-EE | ||
| 082 | _a629.895072 MAR | ||
| 100 | _aMaria Mumtaz Rana, Muhammad Hunain Tariq, Hafiz Abdur Rafay Jafri, Muhammad Aamir Ali & Abdul Aziz Siddiqui | ||
| 245 | 0 | _aMicro-controller Based Diesel Sequence Timer/Check Timer for KANUPP NPP | |
| 260 |
_aKarachi: _bUIT, _c2008 |
||
| 600 | _aElectronic Engineering | ||
| 650 | _aBachelor of Engineering (BE) | ||
| 856 |
_uhttps://drive.google.com/file/d/1SdOw4h2aGdhtwwihCma8e7ookeAny_j7/view?usp=sharing _yClick Here for PDF |
||
| 999 |
_c27955 _d27955 |
||